Plánovité riadenie zahraničného obchodu ČSSR /

Salvato in:
Dettagli Bibliografici
Autori principali: Melicher, Alojz (Autore), Procházka, Michal (Autore)
Natura: Libro
Lingua:slovacco
Pubblicazione: Bratislava : Alfa, 1986
Edizione:1.vyd.
Soggetti:
Tags: Aggiungi Tag
Nessun Tag, puoi essere il primo ad aggiungerne!!

MARC

LEADER 00000nam a22000003a 4500
001 stu45337
005 20150617225715.1
008 960219s1986----cs------------------slo-d
040 |a STU  |b slo 
041 0 |a slo 
044 |a cs 
080 |a 339.5(437) 
100 1 |a Melicher, Alojz  |4 aut 
245 1 |a Plánovité riadenie zahraničného obchodu ČSSR /  |c [aut.]Alojz Melicher, Michal Procházka 
250 |a 1.vyd. 
260 |a Bratislava :  |b Alfa,  |c 1986 
300 |a 330 s 
650 7 |a Obchod zahraničný  |2 stusub 
650 7 |a ČSSR  |2 stusub 
700 1 |a Procházka, Michal  |4 aut 
996 |b 284M046058  |c M*772-1  |l MMKN  |s A  |a 24  |w stu45337_0001